Introduction to robotics: a systems approach
Gardado en:
| Autor Principal: | |
|---|---|
| Formato: | Libro |
| Idioma: | inglés |
| Publicado: |
Englewood Cliffs
Prentice-Hall
1985
|
| Subjects: | |
| Tags: |
Engadir etiqueta
Sen Etiquetas, Sexa o primeiro en etiquetar este rexistro!
|
MARC
| LEADER | 00000nam a2200000 a 4500 | ||
|---|---|---|---|
| 001 | UCU6773 | ||
| 003 | CL-VaPUC | ||
| 008 | 960621e19850000us |||||||||||||||||eng|d | ||
| 082 | 0 | 4 | |a 629.892 |b REH |2 21 |
| 100 | 0 | |a Rehg, James A |e author |9 365153 | |
| 245 | 1 | 0 | |a Introduction to robotics: a systems approach |
| 300 | |a 230 p | ||
| 942 | |c BK | ||
| 945 | |d 19960621 00:00:00 |a paguirre | ||
| 260 | |a Englewood Cliffs |b Prentice-Hall |c 1985 | ||
| 650 | 0 | |a Robótica |9 263360 | |
| 650 | 0 | |a Control automático |9 259890 | |
| 650 | 0 | |a Computadores |9 258188 | |
| 650 | 0 | |a Automatización |9 299909 | |
| 650 | 0 | |a Robots |9 263117 | |
| 583 | |a last modification |c 20150428 10:30:01 |k Rodrigo Vera | ||
| 999 | |c 249590 |d 249588 | ||
| 952 | |0 0 |1 0 |4 0 |6 629_892000000000000_REH_1985 |7 0 |8 A |9 266908 |a BIBING |b BIBING |d 2019-11-19 |i 1691015 |o 629.892 REH 1985 |p 1691015 |r 2025-01-20 |w 2019-11-19 |y BK |k EIE | ||